00668nam a2200169Ia 4500003000400000005001700004008004100021040002100062041000800083082001600091245005100107260005400158300005600212490002200268520018300290650002500473OSt20200616185718.0191128s1986 ck a r 000 j spa d aCO-JMCRcCO-JMCR aspa04aH / bPROp 13aEl profeta de fuego : bla historia de Elias / aBogotá : bSociedades Bíblicas Unidas, c1986 a32 Páginas : bilustraciones a color ; c 25 cm. aHéroes de la fe aEl pueblo de israel nunca olvidó las historias acerca de Elías; las preservó en esus escritos sagrados porque el pueblo reconocio a Elías como el modelo de profeta ideal. aHistorias bíblicas